LEADER 01064nam a2200253 4500 001 000000358939 003 CaOOAMICUS 005 20240719134723.0 008 240717s2015 it 000 u ita r 020 $a978-88-98103-24-9 040 $aSeMil$bita 100 1 $aFenizia, Riccardo,$d<1965- >.$0(OLS)http://semarc/name/119964 245 10$aGen(d)erazione nuova :$boltre il senso comune /$cRiccardo Fenizia. 264 1$aBenevento :$b Passioneducativa,$c2015. 300 $a191 p. ;$c21 cm 650 4$aGender.$0(OLS)http://semarc/subject/15931 650 4$aIdentità di genere.$0(OLS)http://semarc/subject/51156 850 $aSeMil 852 $aSeMil$W1$xVenegono$y1$m2E IV 333$j249503$B250003$CSeMilBibl$Z2$F250003 $81 961 $aBrambilla don Paolo - Omaggio 996 $6020$a978-88-98103-24-9$9(OLS)http://semarc/number/300716 996 $6245$aGen(d)erazione nuova :$boltre il senso comune$9(OLS)http://semarc/title/449343 996 $6264$aBenevento :$b Passioneducativa$9(OLS)http://semarc/publisher/61846 LEADER 01117nam a2200253 i 4500 001 000000200709 003 CaOOAMICUS 005 20110412000000.0 008 110412s1945 it u000 u ita u 013 $a179410 040 $aSeMil$bita 100 1 $aLazzati, Giuseppe,$d<1909-1986>.$0(OLS)http://semarc/name/41 245 14$a... E tu, vuoi? /$cdi Giuseppe Lazzati ; copertina e disegni di Spartaco Lemmetti. 260 $aMilano :$bLa Favilla,$cimprim. 1945. 300 $a70 p. :$bill. ;$c19 cm. 650 4$aVita cristiana - Meditazioni.$0(OLS)http://semarc/subject/1353 650 4$aLazzati, Giuseppe <1909-1986> - Scritti e discorsi.$0(OLS)http://semarc/subject/502 650 4$aIstituto Secolare laicale Milites Christi Regis.$0(OLS)http://semarc/subject/27788 700 1 $aLemmetti, Spartaco.$0(OLS)http://semarc/name/72546 850 $aSeMil 852 $aSeMil$W1$xVenegono$y1$m3J I 72$j151238$B151238$CSeMilBibl$Z2$F166772 $81 961 $aOmaggio: Altro 996 $6245$a... E tu, vuoi?$9(OLS)http://semarc/title/290277 996 $6260$aMilano :$bLa Favilla$9(OLS)http://semarc/publisher/33424